Reservas forestales protectoras nacionales : (Registro nro. 8561)

Detalles MARC
000 -CABECERA
Campo de control 01379nam a22002897a 4500
005 - FECHA Y HORA DE LA ULTIMA TRANSACCION
Campo de control 20160201121507.0
008 - ELEMENTOS DE LONGITUD FIJA—INFORMACION GENERAL
Campo de control 070823s2004 ck a gr 00010 spa d
020 ## - ISBN
ISBN 9583366501
040 ## - FUENTE DE CATALOGACIÓN
Agencia catalogadora original CO-BoIAVH
Agencia transcriptora CO-BoIAVH
041 ## - IDIOMA
Código de idioma para texto/pista de sonido o título separado Español
044 ## - PAÍS DE PUBLICACIÓN
País de publicación Colombia
090 ## - CLASIFICACIÓN LOCAL
Colección RE-
Consecutivo 00058
110 1# - ASIENTO PRINCIPAL--NOMBRE CORPORATIVO
Nombre corporativo o de jurisdicción como elemento de entrada Colombia.
Unidad subordinad Ministerio de Ambiente, Vivienda y Desarrollo Territorial.
9 (RLIN) 56257
245 10 - MENCION DE TITULO
Título Reservas forestales protectoras nacionales :
Parte restante del título atlas básico /
Mención de responsabilidad Ministerio de Ambiente, Vivienda y Desarrollo Territorial ; textos Victor Hugo Vásquez V. ; fotografías Alejandro Ayala ... [et al.].
250 ## - MENCION DE EDICION
Mención de edición 2a. ed.
Resto de la mención de edición Editor Víctor Hugo Vásquez V.
260 3# - PUBLICACION, DISTRIBUCION, ETC. (PIE DE IMPRENTA)
Lugar de publicación, distribución, etc. Bogotá :
Nombre del editor, distribuidor, etc. Ministerio de Ambiente, Vivienda y Desarrollo Territorial,
-- Instituto Geográfico Agustín Codazzi,
-- Embajada Real de los Países Bajos.
Fecha de publicación, distribución, etc. 2004.
300 ## - DESCRIPCION FISICA
Extensión 127 p. :
Otros detalles físicos il., mapas ;
Dimensiones 42 cm.
504 ## - NOTA DE BIBLIOGRAFIA, ETC.
Nota de bibliografía Incluye referencias bibliográficas.
650 #6 - ASIENTO SECUNDARIO DE MATERIA - TERMINO TEMATICO
Término temático o nombre geográfico como elemento de entrada Conservación de la naturaleza
Subdivisión geográfica Colombia
Subdivisión de forma Atlas.
9 (RLIN) 56258
650 ## - ASIENTO SECUNDARIO DE MATERIA - TERMINO TEMATICO
Término temático o nombre geográfico como elemento de entrada Conservación de los recursos naturales
Subdivisión geográfica Colombia
Subdivisión de forma Atlas.
9 (RLIN) 56259
650 #6 - ASIENTO SECUNDARIO DE MATERIA - TERMINO TEMATICO
Término temático o nombre geográfico como elemento de entrada Recursos naturales
Subdivisión geográfica Colombia
Subdivisión de forma Atlas.
9 (RLIN) 56260
650 #6 - ASIENTO SECUNDARIO DE MATERIA - TERMINO TEMATICO
Término temático o nombre geográfico como elemento de entrada Parques naturales
Subdivisión geográfica Colombia
Subdivisión de forma Atlas.
9 (RLIN) 56261
650 #6 - ASIENTO SECUNDARIO DE MATERIA - TERMINO TEMATICO
Término temático o nombre geográfico como elemento de entrada Reservas forestales
Subdivisión geográfica Colombia
Subdivisión de forma Atlas.
9 (RLIN) 56262
700 1# - ASIENTO SECUNDARIO - NOMBRE PERSONAL
Nombre personal Ayala, Alejandro,
Término de relación fot.
9 (RLIN) 25012
700 1# - ASIENTO SECUNDARIO - NOMBRE PERSONAL
Nombre personal Velásquez V., Víctor Hugo.
9 (RLIN) 25013
942 ## - ELEMENTOS ADICIONALES (KOHA)
Sistema de clasificación Dewey Decimal Classification
Tipo de ítem Libro
Existencias
Withdrawn status Lost status Sistema de Clasificación Damaged status No para préstamo Colección Inventariado Ubicación Permanente Ubicación actual Fecha de adquisición Fuente de Valor Valor Total Checkouts Número topográfico Inventario / Código de Barras Date last seen Ejemplar Price effective from Forma de adquisición Tipo de material
    Local     Referencia   Bogotá Bogotá 01/02/2016       RE-00058 039719 01/02/2016 Ej. 1 01/02/2016   Referencia
    Dewey Decimal Classification     Referencia Inventariado 2017 Sala Fabio Quevedo Sala Fabio Quevedo 21/07/2014 Instituto 39000.00   RF-333.72 M66r 058469 21/07/2014 Ej. 1 21/07/2014 Canje Referencia
    Dewey Decimal Classification     Referencia Inventariado 2017 Sala Fabio Quevedo Sala Fabio Quevedo 21/07/2014 Instituto 39000.00   RF-333.72 M66r 038148 21/07/2014 Ej. 2 21/07/2014 Canje Referencia